Welcome to the Holygrace Academy Library

Please use search bar below to get started

CBSE LAST 5 YEARS SOLVED PAPERS IN ACCOUNTANCY (Record no. 619)

MARC details
000 -LEADER
fixed length control field 00379nam a22001337a 4500
020 ## - INTERNATIONAL STANDARD BOOK NUMBER
ISBN 93-5063-140-9
082 ## - DEWEY DECIMAL CLASSIFICATION NUMBER
Classification number 657
Item number EVE/C
100 ## - MAIN ENTRY--AUTHOR NAME
Personal name EVERGREEN PUBLICATIONS
245 ## - TITLE STATEMENT
Title CBSE LAST 5 YEARS SOLVED PAPERS IN ACCOUNTANCY
Remainder of title CLASS XII
260 ## - PUBLICATION, DISTRIBUTION, ETC. (IMPRINT)
Place of publication JALANDHAR
Name of publisher EVERGREEN PUBLICATIONS
Year of publication 2015
300 ## - PHYSICAL DESCRIPTION
Number of Pages 367
650 ## - SUBJECT ADDED ENTRY--TOPICAL TERM
Topical Term ACCOUNTANCY SOLVED PAPERS FOR CLASS XII
Geographic subdivision INDIA
942 ## - ADDED ENTRY ELEMENTS (KOHA)
Koha item type Books
Holdings
Withdrawn status Lost status Collection code Home library Current library Shelving location Date acquired Source of acquisition Cost, normal purchase price Full call number Accession Number Koha item type
    Reference Main Library Main Library SHELF 10 C PLUS 2 ACCOUNTANCY 17/09/2015 purchase 275.00 657 EVE/C 00960 Books